MARC
|
|
|
|
| LEADER |
00000nam0a2200000 4500 |
| 001 |
278312 |
| 005 |
20231101235112.0 |
| 020 |
|
|
|a RU
|b 86-26656
|
| 035 |
|
|
|a (RuTPU)RU\TPU\book\301589
|
| 090 |
|
|
|a 278312
|
| 100 |
|
|
|a 20141210d1986 k y0rusy5003 ca
|
| 101 |
0 |
|
|a rus
|
| 102 |
|
|
|a RU
|
| 105 |
|
|
|a a z 001zy
|
| 200 |
1 |
|
|a Автоматический контроль и поверка преобразователей угловых и линейных величин
|f В. В. Кривенков
|
| 210 |
|
|
|a Ленинград
|c Машиностроение
|d 1986
|
| 215 |
|
|
|a 246 с.
|c ил.
|
| 320 |
|
|
|a Библиогр.: с. 242-245 (95 назв.)
|
| 606 |
1 |
|
|a Преобразователи
|2 stltpush
|3 (RuTPU)RU\TPU\subj\51170
|9 69758
|
| 610 |
1 |
|
|a поверка
|
| 610 |
1 |
|
|a автоматический контроль
|
| 610 |
1 |
|
|a угловые величины
|
| 610 |
1 |
|
|a линейные величины
|
| 610 |
1 |
|
|a функциональный контроль
|
| 610 |
1 |
|
|a погрешности
|
| 610 |
1 |
|
|a достоверность
|
| 675 |
|
|
|a 681.586
|z rus
|v 4
|
| 700 |
|
1 |
|a Кривенков
|b В. В.
|g Владимир Владимирович
|4 070
|
| 801 |
|
0 |
|a RU
|b RuMRKP
|c 19950704
|g psbo
|
| 801 |
|
1 |
|a RU
|b 63413507
|c 20141210
|
| 801 |
|
2 |
|a RU
|b 63413507
|c 20170411
|g RCR
|
| 942 |
|
|
|c BK
|